<?xml version="1.0" encoding="UTF-8"?>
<record
    xmlns:xsi="http://www.w3.org/2001/XMLSchema-instance"
    xsi:schemaLocation="http://www.loc.gov/MARC21/slim http://www.loc.gov/standards/marcxml/schema/MARC21slim.xsd"
    xmlns="http://www.loc.gov/MARC21/slim">

  <leader>02385nam a2200325 a 4500</leader>
  <controlfield tag="001">000047562</controlfield>
  <controlfield tag="005">20240409110227.0</controlfield>
  <controlfield tag="008">150206s2007    dr ac   r     000 0 spa d</controlfield>
  <datafield tag="020" ind1=" " ind2=" ">
    <subfield code="a">9789945443165 (v. 98)</subfield>
  </datafield>
  <datafield tag="040" ind1=" " ind2=" ">
    <subfield code="a">DO-SdBNP</subfield>
    <subfield code="b">spa</subfield>
    <subfield code="c">BNPHU</subfield>
  </datafield>
  <datafield tag="082" ind1=" " ind2=" ">
    <subfield code="a">RD860.8</subfield>
    <subfield code="b">C744o, 2006</subfield>
  </datafield>
  <datafield tag="111" ind1="2" ind2=" ">
    <subfield code="a">Concurso de Arte y Literatura Bancentral</subfield>
    <subfield code="n">(10 :</subfield>
    <subfield code="d">2006 :</subfield>
    <subfield code="c">Santo Domingo, Rep&#xFA;blica Dominicana)</subfield>
    <subfield code="9">75210</subfield>
  </datafield>
  <datafield tag="245" ind1="1" ind2="0">
    <subfield code="a">Obras premiadas : d&#xE9;cimo concurso de arte y literatura Bancentral 2006.</subfield>
  </datafield>
  <datafield tag="260" ind1=" " ind2=" ">
    <subfield code="a">Santo Domingo :</subfield>
    <subfield code="b">Banco Central de la Rep&#xFA;blica Dominicana,</subfield>
    <subfield code="c">2007.</subfield>
  </datafield>
  <datafield tag="300" ind1=" " ind2=" ">
    <subfield code="a">100 p. :</subfield>
    <subfield code="b">il., retrs. ;</subfield>
    <subfield code="c">24 cm.</subfield>
  </datafield>
  <datafield tag="490" ind1="1" ind2=" ">
    <subfield code="a">Banco Central de la Rep&#xFA;blica Dominicana</subfield>
    <subfield code="v">98</subfield>
  </datafield>
  <datafield tag="490" ind1="1" ind2=" ">
    <subfield code="a">Obras premiadas</subfield>
    <subfield code="v">10</subfield>
  </datafield>
  <datafield tag="505" ind1="0" ind2=" ">
    <subfield code="a">Cuentos --</subfield>
    <subfield code="t">Reencuentro --</subfield>
    <subfield code="g">Primer lugar --</subfield>
    <subfield code="r">Luis S&#xE1;nchez Cavallo (Atlante) /</subfield>
    <subfield code="t">S&#xF3;lo un sue&#xF1;o --</subfield>
    <subfield code="g">Segundo lugar --</subfield>
    <subfield code="r">N&#xE9;rcido M. Vargas (Mene) /</subfield>
    <subfield code="t">Manabao --</subfield>
    <subfield code="g">Tercer lugar --</subfield>
    <subfield code="r">Ellen P&#xE9;rez Ducy (Estrellita) /</subfield>
  </datafield>
  <datafield tag="505" ind1="0" ind2=" ">
    <subfield code="a">Pintura --</subfield>
    <subfield code="t">Vendedor de tomates --</subfield>
    <subfield code="g">Primer premio --</subfield>
    <subfield code="r">C&#xE1;ndida Laureano de Mej&#xED;a (Lala) /</subfield>
    <subfield code="t">Reflejo de nuestro amor --</subfield>
    <subfield code="g">Segundo premio --</subfield>
    <subfield code="r">Miriam Rivera de Vel&#xE1;zquez (Solsticio) /</subfield>
    <subfield code="t">Habichuelas --</subfield>
    <subfield code="g">Primer tercer premio --</subfield>
    <subfield code="r">C&#xE1;ndida Laureano de Mej&#xED;a (Lala) /</subfield>
    <subfield code="t">El fog&#xF3;n de mi abuela --</subfield>
    <subfield code="g">Segundo tercer premio --</subfield>
    <subfield code="r">Geraldo Pimentel Ram&#xED;rez (Emile) /</subfield>
  </datafield>
  <datafield tag="505" ind1="0" ind2=" ">
    <subfield code="a">Dibujos --</subfield>
    <subfield code="t">Am&#xE9;rica es mujer, la naturaleza es mujer --</subfield>
    <subfield code="g">Primer premio --</subfield>
    <subfield code="r">Patr&#xED;a M. Rom&#xE1;n G. (Octubre) /</subfield>
    <subfield code="t">Naturaleza muerta --</subfield>
    <subfield code="g">Segundo premio --</subfield>
    <subfield code="r">Miriam Rivera de Vel&#xE1;squez (Solsticio) /</subfield>
  </datafield>
  <datafield tag="505" ind1="0" ind2=" ">
    <subfield code="a">Fotograf&#xED;a --</subfield>
    <subfield code="t">Mesa redonda --</subfield>
    <subfield code="g">Primer premio --</subfield>
    <subfield code="r">Sheyla C. Hern&#xE1;ndez C. (Caracol) /</subfield>
    <subfield code="t">Huellas en las dunas --</subfield>
    <subfield code="g">Segundo lugar --</subfield>
    <subfield code="r">Miriam Rivera de Vel&#xE1;squez (Solsticio) /</subfield>
    <subfield code="t">Verde que te quiero verde --</subfield>
    <subfield code="g">Tercer lugar --</subfield>
    <subfield code="r">Anabelle Linares (Lula) /</subfield>
    <subfield code="t">MAnos laboriosas --</subfield>
    <subfield code="g">Primera menci&#xF3;n de honor --</subfield>
    <subfield code="r">Anabelle Linares (Lula) /</subfield>
    <subfield code="t">Flora y fauna --</subfield>
    <subfield code="g">Segunda menci&#xF3;n de honor --</subfield>
    <subfield code="r">Luis Manuel Ferreras (Voz Silente) /</subfield>
  </datafield>
  <datafield tag="590" ind1=" " ind2=" ">
    <subfield code="a">Inventariado, 2018/YL</subfield>
  </datafield>
  <datafield tag="650" ind1=" " ind2="4">
    <subfield code="a">Cuentos dominicanos</subfield>
    <subfield code="y">SIGLO XXI</subfield>
    <subfield code="9">43522</subfield>
  </datafield>
  <datafield tag="650" ind1=" " ind2="4">
    <subfield code="a">Cert&#xE1;menes literarios</subfield>
    <subfield code="y">SIGLO XXI</subfield>
    <subfield code="9">43523</subfield>
  </datafield>
  <datafield tag="650" ind1=" " ind2="0">
    <subfield code="a">Literatura dominicana </subfield>
    <subfield code="y">Siglo XXI</subfield>
    <subfield code="9">43524</subfield>
  </datafield>
  <datafield tag="650" ind1=" " ind2="4">
    <subfield code="a">Premios literarios</subfield>
    <subfield code="y">SIGLO XXI</subfield>
    <subfield code="9">43525</subfield>
  </datafield>
  <datafield tag="650" ind1=" " ind2="4">
    <subfield code="a">Arte y literatura</subfield>
    <subfield code="y">SIGLO XXI</subfield>
    <subfield code="9">75187</subfield>
  </datafield>
  <datafield tag="830" ind1=" " ind2="0">
    <subfield code="a">Banco Central de la Rep&#xFA;blica Dominicana.</subfield>
    <subfield code="v">98</subfield>
    <subfield code="p">Obras premiadas</subfield>
    <subfield code="n">10</subfield>
    <subfield code="9">75211</subfield>
  </datafield>
  <datafield tag="910" ind1=" " ind2=" ">
    <subfield code="a">Validado. Control de calidad MFF</subfield>
  </datafield>
  <datafield tag="952" ind1=" " ind2=" ">
    <subfield code="0">0</subfield>
    <subfield code="1">0</subfield>
    <subfield code="5">4</subfield>
    <subfield code="7">0</subfield>
    <subfield code="8">DS</subfield>
    <subfield code="a">GR</subfield>
    <subfield code="b">GR</subfield>
    <subfield code="c">HD</subfield>
    <subfield code="d">2019-06-24</subfield>
    <subfield code="i">LF1</subfield>
    <subfield code="l">0</subfield>
    <subfield code="o">RD860.8 C744o, 2006</subfield>
    <subfield code="p">47562-30</subfield>
    <subfield code="r">2020-06-25</subfield>
    <subfield code="t">e. 3</subfield>
    <subfield code="w">2020-06-25</subfield>
    <subfield code="y">LFDS</subfield>
    <subfield code="Z">Pr&#xE9;stamo en sala</subfield>
  </datafield>
  <datafield tag="952" ind1=" " ind2=" ">
    <subfield code="0">0</subfield>
    <subfield code="1">0</subfield>
    <subfield code="7">1</subfield>
    <subfield code="8">PD</subfield>
    <subfield code="a">PD</subfield>
    <subfield code="b">PD</subfield>
    <subfield code="c">HD</subfield>
    <subfield code="d">2018-06-27</subfield>
    <subfield code="i">LF1</subfield>
    <subfield code="l">0</subfield>
    <subfield code="o">RD860.8 C744o, 2006</subfield>
    <subfield code="p">47562-10</subfield>
    <subfield code="r">2020-06-25</subfield>
    <subfield code="w">2020-06-25</subfield>
    <subfield code="y">LFPD</subfield>
    <subfield code="Z">No se presta</subfield>
  </datafield>
  <datafield tag="952" ind1=" " ind2=" ">
    <subfield code="0">0</subfield>
    <subfield code="1">0</subfield>
    <subfield code="7">1</subfield>
    <subfield code="8">PD</subfield>
    <subfield code="a">PD</subfield>
    <subfield code="b">PD</subfield>
    <subfield code="c">HD</subfield>
    <subfield code="d">2018-06-27</subfield>
    <subfield code="i">LF1</subfield>
    <subfield code="l">0</subfield>
    <subfield code="o">RD860.8 C744o, 2006</subfield>
    <subfield code="p">47562-20</subfield>
    <subfield code="r">2020-06-25</subfield>
    <subfield code="t">e. 2</subfield>
    <subfield code="w">2020-06-25</subfield>
    <subfield code="y">LFPD</subfield>
    <subfield code="Z">No se presta</subfield>
  </datafield>
  <datafield tag="999" ind1=" " ind2=" ">
    <subfield code="c">47050</subfield>
    <subfield code="d">47050</subfield>
  </datafield>
</record>
